00724nam a22002537a 450000500170000001000150001702000260003203500140005803700090007208200080008124500350008925000100012426000770013427000570021130000220026850000390029070000230032970000170035270000230036970000210039270000190041370000180043270000200045020250120142332.0 aENG-143465 c100.00a9789354425592 aEN-126997 bDBAD a425 aPristine/cBy Board of Editors aFirst bOrient BlackSwan Private Limitedc2023a3-6-752 Himayatnagar, Hyderabad  bHyderabad a3-6-752 Himayatnagar, Hyderabad e500029 a104p.c22cm (pbk) aBCom Second Year Complsory English aShrikrushna Kakade aSubhash Raut aTarachand Kanthale aVivek Vishwarupe aNitin Deshmukh aSubhash Zanke aVishnu Shekokar